Výkonnostné porovnanie VPN
Gespeichert in:
| 1. Verfasser: | |
|---|---|
| Weitere Verfasser: | |
| Format: | Manuskript Buch |
| Sprache: | Slowakisch Englisch |
| Veröffentlicht: |
2016
|
| Schlagworte: | |
| Online-Zugang: | http://is.stuba.sk/zp/portal_zp.pl?podrobnosti=131577 |
| Tags: |
Keine Tags, Fügen Sie das erste Tag hinzu!
|
MARC
| LEADER | 00000ntm a22000003a 4500 | ||
|---|---|---|---|
| 001 | stuzp59066 | ||
| 003 | SK-STU | ||
| 005 | 20160719155744.5 | ||
| 007 | ta | ||
| 008 | 150427s2015----xo-----f-mn---000-0-slo-d | ||
| 040 | |a STU |b slo | ||
| 041 | 0 | |a eng | |
| 100 | 1 | |a Mižička, Vladislav |u 070400 |4 aut |U FIIT Fakulta informatiky a informačných technológií |T FIIT Ústav počítačového inžinierstva a aplikovanej informatiky |X 52883 |U I400 |Y 672 |7 52883 | |
| 242 | 0 | 1 | |a Výkonnostné porovnanie VPN |y slo |
| 245 | 1 | 0 | |a Výkonnostné porovnanie VPN |
| 260 | |c 2016 | ||
| 650 | 4 | |a prepínač |2 slo | |
| 650 | 4 | |a softvérovo definovaná sieť |2 slo | |
| 650 | 4 | |a analýza výkonnostného porovnania siete |2 slo | |
| 650 | 4 | |a tunel |2 slo | |
| 650 | 4 | |a virtuálna privátna sieť |2 slo | |
| 650 | 4 | |a Virtual Private Network |2 eng | |
| 650 | 4 | |a tunnel |2 eng | |
| 650 | 4 | |a switch |2 eng | |
| 650 | 4 | |a Software-Defined Networking |2 eng | |
| 650 | 4 | |a Network performance analysis |2 eng | |
| 700 | 1 | |a Helebrandt, Pavol |u 070400 |k Z2 |4 ths |U FIIT Fakulta informatiky a informačných technológií |T FIIT Ústav počítačového inžinierstva a aplikovanej informatiky |X 35267 |U I400 |Y 672 |7 35267 | |
| 856 | 4 | |u http://is.stuba.sk/zp/portal_zp.pl?podrobnosti=131577 | |
| 996 | |b 284IB00191 |c I*BAP 31/2016 |l II680 |s P |a 0 |w stuzp59066_0001 | ||
| SQL | |a stuzp59066 |b DBP |c ENG |d Výkonnostné porovnanie VPN |e 52883 |f Mižička, Vladislav |g 070400 |h 35267 |i Helebrandt, Pavol |j 20160620 |k 1285 |l 07 |m http://is.stuba.sk/zp/portal_zp.pl?podrobnosti=131577 |n B-IT |o 9.2.4. počítačové inžinierstvo | ||